| 000 | 00450cam a2200169ua 4500 | ||
|---|---|---|---|
| 041 |
_aeng _h |
||
| 082 |
_a543.07 _bWIL/IN |
||
| 100 | _aWilliard, Hobart H . | ||
| 245 |
_aInstrumental methods of analysis / _cHobart H Willard. _hTextual Documents |
||
| 250 |
_a4 / _b. |
||
| 260 |
_aNew York : _bVan Nostrand Reinhold Company , _c1965. |
||
| 300 | _a784 ; . | ||
| 504 | _a | ||
| 700 | 1 | _aLymne , Merrit L . | |
| 942 | _cBK | ||
| 999 |
_c9287 _d9287 |
||